000 00938nam a2200277 a 4500
001 000046224
005 20201002052723.0
008 150708s1999 sp 000 0 spa d
020 _a848130171X
040 _aDO-SdBNP
_bspa
_cBNPHU
041 1 7 _aspa
_heng
082 _axxxx
_bxxxx
100 1 _aChéjov, Antón Pavlovich,
_d1860-1904).
_974257
240 1 0 _aChaika.
245 1 3 _aLa gaviota /
_cAntón P. Chéjov ; traducción de Manuel de la Escalera ; prólogo de Álvaro del Amo.
260 _aMadrid :
_bUnidad Editorial,
_c1999.
300 _a95, p. ;
_c22 cm.
490 1 _aMillenium
_v53
490 1 _aEl mundo
500 _aIncluye datos biográficos del autor en la solapa de la contracubierta
505 0 _aActo I --
_tActo II --
_tActo III --
_tActo IV.
700 1 2 _aEscalera, Manuel de la,
_etr.
_948955
700 1 2 _aAmo, Álvaro del,
_epról.
_974258
830 0 _aEl mundo
_974259
830 0 _aMillenium.
_n53
_974260
999 _c45713
_d45713